| 000 | 00509nam a22002057a 4500 | ||
|---|---|---|---|
| 003 | OSt | ||
| 005 | 20140311163218.0 | ||
| 008 | 121113t xxu||||| |||| 00| 0 eng d | ||
| 020 | _a0439876435 | ||
| 050 |
_aGB 1399 _b.Sw974 2006 |
||
| 100 |
_aSweeney, Alyse _925074 |
||
| 245 |
_aFloods! / _cAlyse Sweeney |
||
| 260 |
_aNew York : _bScholastic Inc., _c2006. |
||
| 300 |
_a16 p. : _bill. col. ; _c20 cm. |
||
| 521 | _aG6 | ||
| 526 | _c820 | ||
| 650 |
_aFloods _925075 |
||
| 942 |
_2lcc _cBK |
||
| 999 |
_c42942 _d42942 |
||